When Victims Become Killers (Record no. 16986)
[ view plain ]
| 000 -LEADER | |
|---|---|
| fixed length control field | 00669nam a2200241 a 4500 |
| 020 ## - INTERNATIONAL STANDARD BOOK NUMBER | |
| ISBN | 9789987622337 |
| 082 00 - DEWEY DECIMAL CLASSIFICATION NUMBER | |
| Classification number | 364.15171 |
| Author Cutter | MAM |
| 100 ## - MAIN ENTRY--AUTHOR NAME | |
| Author name | Mamdani, Mahmood |
| 245 ## - TITLE STATEMENT | |
| Title | When Victims Become Killers |
| Sub title | Colonialism, Nativism, and the Genocide in Rwanda |
| 260 ## - PUBLICATION, DISTRIBUTION, ETC. (IMPRINT) | |
| Place of publication | Kampala |
| Name of publisher | Fountain Pubs. |
| Year of publication | 2001 |
| 300 ## - PHYSICAL DESCRIPTION | |
| Number of Pages | 364p |
| 500 ## - GENERAL NOTE | |
| General note | includes index and biblioraphy |
| 505 2# - FORMATTED CONTENTS NOTE | |
| Formatted contents note | Notes,Index and Bibliography |
| 650 ## - SUBJECT ADDED ENTRY--TOPICAL TERM | |
| Topical Term | Genocide-Rwanda |
| 942 ## - ADDED ENTRY ELEMENTS (KOHA) | |
| Koha item type | Books |
| 700 1# - | |
| -- | Mamdani, Mahmood |
| Collection code | Home library | Current library | Date acquired | Cost, normal purchase price | Full call number | Accession Number | Koha item type |
|---|---|---|---|---|---|---|---|
| Henry Martyn Institute Library | Henry Martyn Institute Library | 07/16/2013 | 1000.00 | 364.15171 MAM | 023327 | Books |
